Library Logo

Pioneer International University Library Catalogue

How the good guys finally won : (Record no. 8873)

MARC details
000 -LEADER
fixed length control field 00708cam a2200229 i 4500
001 - CONTROL NUMBER
control field 3160916
003 - CONTROL NUMBER IDENTIFIER
control field OSt
005 - DATE AND TIME OF LATEST TRANSACTION
control field 20250901165747.0
008 - FIXED-LENGTH DATA ELEMENTS--GENERAL INFORMATION
fixed length control field 750303s1975 nyu 000 0beng
010 ## - LIBRARY OF CONGRESS CONTROL NUMBER
LC control number 75006706
020 ## - INTERNATIONAL STANDARD BOOK NUMBER
International Standard Book Number 0670382078 :
Terms of availability $6.95
040 ## - CATALOGING SOURCE
Original cataloging agency DLC
Transcribing agency DLC
Modifying agency DLC
050 00 - LIBRARY OF CONGRESS CALL NUMBER
Classification number E 861 .B73 1975
Item number .B73 1975
082 00 - DEWEY DECIMAL CLASSIFICATION NUMBER
Classification number 353.03/6
100 1# - MAIN ENTRY--PERSONAL NAME
Personal name Breslin, Jimmy.
245 10 - TITLE STATEMENT
Title How the good guys finally won :
Remainder of title notes from an impeachment summer /
Statement of responsibility, etc. Jimmy Breslin.
260 ## - PUBLICATION, DISTRIBUTION, ETC.
Place of publication, distribution, etc. New York :
Name of publisher, distributor, etc. Viking Press,
Date of publication, distribution, etc. 1975.
300 ## - PHYSICAL DESCRIPTION
Extent 192 p. ;
Dimensions 24 cm.
600 10 - SUBJECT ADDED ENTRY--PERSONAL NAME
Personal name Nixon, Richard M.
Fuller form of name (Richard Milhous),
Dates associated with a name 1913-1994
General subdivision Impeachment.
906 ## - LOCAL DATA ELEMENT F, LDF (RLIN)
a 7
b cbc
c orignew
d 1
e ocip
f 19
g y-gencatlg
942 ## - ADDED ENTRY ELEMENTS (KOHA)
Source of classification or shelving scheme Library of Congress Classification
Koha item type Books
Holdings
Withdrawn status Lost status Source of classification or shelving scheme Damaged status Not for loan Home library Current library Shelving location Date acquired Total checkouts Full call number Barcode Date last seen Price effective from Koha item type
    Library of Congress Classification     Main Library Main Library   10/11/2024   E 861 .B73 1975 PIU0002931 10/11/2024 10/11/2024 Books